01456nam a2200193Ia 450000500170000000800410001704000440005804100080010208200160011011000350012624500800016126000530024130000370029450004920033150503410082350600210116465000490118570000280123420181204151514.0130821n ck fr 1 spa  aCo-BoUCMbspacSandra YazodSandra Yazo aspa04a347.8612201 aColombia. Leyes, decretos, etc10aCódigo judicialcConcordado, comentado y anotado por Jose Antonio Archila aBogotá (Colombia)bCromosc[fecha desconocida] aviii, 458 páginasc24 x 17 cm. aDetalles físicos: Encuadernación rígida en cartón forrado en tela texturizada. Lomo y tapa delantera con repujados e impresión de letras y motivos decorativos en negro, enmarcado en doble recuadro. Guardas. Portada impresa en una sola tinta, dentro de doble recuadro rectangular, desprendida, residuos de cinta pegante. Texto impreso en una sola columna, con diferentes tipos y tamaños de letra. Párrafos numerados. Notas de pie de página. Índice. Papel con oxidación0 aExposición y explicación de la Ley 105 de 1931 sobre Organización judicial y procedimiento civil ; Suplementos: Objeciones del Ejecutivo al Proyecto de Ley ; Estudio de reformas al Código Judicial, propuestas por la Corte Suprema ; División territorial judicial ; Nuevo Decreto sobre timbre (n° 92, del 20 de enero de 1932-9) aConsulta en sala 7aProcedimiento civilxLegislaciónzColombia1 aArchila, José Antonio